000 01390nam0a2200301 4500
001 RU\NLR\bibl\831608
005 20260405080349.0
021 _aRU
_b2005-37484
_91865
035 _a(NLR Aleph) 000820477
090 _a1297926
_c1297926
100 _a20050816d2004 |||y0rusy50 ca
101 0 _arus
102 _aRU
105 _aa |||||||||
200 1 _aОсновы построения систем передачи SDH
_eмонография
_fГ.Н. Попов
_gМ-во Рос. Федерации по связи и информатизации, Сиб. гос. ун-т телекоммуникаций и информатики
210 _aНовосибирск
_cСибирский государственный университет телекоммуникаций и информатики
_d2004
215 _a241 с.
_cил.
_d21
320 _aБиблиогр.: с. 228 (16 назв.)
606 1 _aSDH, синхронная цифровая иерархия
_92279699
_3RU\NLR\auth\661365906
686 _aЗ889.79
700 1 _4070
_8rus
_7ca
_aПопов
_bГ. Н.
_cд-р техн. наук, телекоммуникации
_gГеоргий Николаевич
_3RU\NLR\AUTH\7727597
_910628
801 0 _aRU
_bNLR
_c20050816
_grcr
801 1 _aRU
_bNLR
_c20050816
830 _aавт. по кн.
942 _cBOOK
980 _aNB